LEADER 01931nam 2200613 a 450 001 9910671622703321 005 20221108080643.0 010 $a1-4492-9082-5 035 $a(CKB)2670000000389480 035 $a(SSID)ssj0001560884 035 $a(PQKBManifestationID)16194086 035 $a(PQKBTitleCode)TC0001560884 035 $a(PQKBWorkID)14825551 035 $a(PQKB)10246646 035 $a(MiAaPQ)EBC3212552 035 $a(OCoLC)1010579747 035 $a(FlNmELB)ELB69580 035 $a(EXLCZ)992670000000389480 100 $a20130830d2012 uy 0 101 0 $aspa 135 $aurcn||||||||| 181 $ctxt 182 $cc 183 $acr 200 13$aLa codificacio?n tributaria$b[recurso electronico]$fMauricio A. Plazas Vega 210 $aBogota? $cEditorial Universidad del Rosario$d2012 215 $a1 online resource (271 p.) 225 1 $aColeccio?n Textos de jurisprudencia 300 $aBibliographic Level Mode of Issuance: Monograph 311 $a958-738-240-4 320 $aContiene bibliografi?a. 410 0$aColeccio?n Textos de jurisprudencia. 606 $aDerecho tributario$xHistoria$zAme?rica Latina 606 $aDerecho tributario$xHistoria$zColombia 606 $aDerecho romano 606 $aTaxation$xLaw and legislation$zLatin America 606 $aTaxation$xLaw and legislation$zColombia 606 $aRoman law 615 4$aDerecho tributario$xHistoria 615 4$aDerecho tributario$xHistoria 615 4$aDerecho romano. 615 0$aTaxation$xLaw and legislation 615 0$aTaxation$xLaw and legislation 615 0$aRoman law. 676 $a343.04 700 $aPlazas Vega$b Mauricio A$0261502 712 02$ae-libro, Corp. 801 0$bMiAaPQ 801 1$bMiAaPQ 801 2$bMiAaPQ 906 $aBOOK 912 $a9910671622703321 996 $aLa codificacio?n tributaria$93046221 997 $aUNINA LEADER 01195nam0 22002891i 450 001 UON00250867 005 20231205103628.922 100 $a20040308g19291939 |0itac50 ba 101 $aita 102 $aIT 105 $a||||0 ||||| 200 1 $aˆLe ‰Opere di Galileo Galilei$eristampa della edizione nazionale sotto l'alto patronato di S.M. il re d'Italia e di S.E. Benito Mussolini 210 $aFirenze$cBarbčra$d1929-1939 215 $a20 v. in 21, tav.$cill.$d29 cm 606 $aAstronomia$3UONC004663$2FI 606 $aFisica$3UONC045940$2FI 620 $aIT$dFirenze$3UONL000052 676 $a509.2$cSCIENZE NATURALI E MATEMATICA. Biografia$v21 700 1$aGALILEI$bGalileo$3UONV137148$04160 712 $aBarbčra$3UONV251861$4650 801 $aIT$bSOL$c20260313$gRICA 899 $aSIBA - SISTEMA BIBLIOTECARIO DI ATENEO E ARCHIVIO STORICO$2UONSI 912 $aUON00250867 950 $aSIBA - SISTEMA BIBLIOTECARIO DI ATENEO E ARCHIVIO STORICO$dSI ITA O.C GAL 1-21 $eSI MR 14205 7 1-21 966 $aASTROLOGIA$yAstronomia$3UONC004682 996 $aOpere di Galileo Galilei$973661 997 $aUNIOR